000 00291nam a22001337a 4500
008 170913b xxu||||| |||| 00| 0 eng d
020 _a9781285107905
041 _aeng
080 _29 ED
_a53
100 _a43
101 _aFIZ
245 _aCOLLEGE PHYSICS
_cVUILLE.S
942 _2udc
_cBK
999 _c27420
_d27420